Unión Democrática de Liberación (UDEL): La expresión política de una alianza de clases, Nicaragua 1974-1977

Na minha lista:
Detalhes bibliográficos
Autor principal: Valle Buitrago, Mª Esperanza
Formato: Texto
Publicado em: México, D.F. :
Tags: Adicionar Tag
Sem tags, seja o primeiro a adicionar uma tag!

MARC

LEADER 00000 a a2200000 04500
001 19250
003
040
090 |a 019700  
100 |a Valle Buitrago, Mª Esperanza  
245 |a Unión Democrática de Liberación (UDEL): La expresión política de una alianza de clases, Nicaragua 1974-1977  
260 |a México, D.F. :  
300 |a 21 p.  
999 |c 8448  |d 8448